US Number 1 Singles 1978 - Statistics

General Stats
  • This quiz has been taken 52 times
  • The average score is 13 of 19
Answer Stats
Hint Answer % Correct
Stayin' Alive Bee Gees
100%
Night Fever Bee Gees
100%
Three Times A Lady Commodores
88%
You're The One That I Want John Travolta And Olivia Newton-John
88%
Le Freak Chic
86%
Grease Frankie Valli
79%
(Love Is) Thicker Than Water Andy Gibb
74%
Shadow Dancing Andy Gibb
74%
With A Little Luck Wings
72%
MacArthur Park Donna Summer
70%
You Don't Bring me Flowers Barbra Streisand And Neil Diamond
67%
Miss You Rolling Stones
58%
If I Can't Have You Yvonne Elliman
58%
You Needed Me Anne Murray
53%
Hot Child In The City Nick Gilder
49%
Baby Come Back Player
47%
Kiss You All Over Exile
44%
Too Much Too Little Too late Johnny Mathis And Deniece Williams
37%
Boogie Oogie Oogie A Taste Of Honey
28%
No matching quizzes found
Score Distribution
Percent of People with Each Score
Percentile by Number Answered
Your Score History
You have not taken this quiz